banner koha

Competicao de cultivares de feijao vigna consorciada com batata doce em leitos de rio [Phaseolus vulgaris; Ipomea batatas: Rio Grande do Norte; Brasil] (Registro n. 271806)

MARC details
000 -LÍDER
campo de controle de tamanho fixo 01374nac a22003497a 4500
001 - NÚMERO DE CONTROLE
campo de controle BR8100090
003 - IDENTIFICADOR DO NÚMERO DE CONTROLE
campo de controle BR-BrBNA
005 - DATA E HORÁRIO DA ÚLTIMA TRANSAÇÃO
campo de controle 20240105114856.0
008 - CAMPO DE DADOS FIXOS--INFORMAÇÃO GERAL
campo de controle de tamanho fixo 230509b bl.|||m| |||| 00| 0 por d
040 ## - FONTE DA CATALOGAÇÃO
Instituição da catalogação original BR-BrBNA
Idioma da catalogação por
Instituição que transcreveu o registro Biblioteca Nacional de Agricultura
072 ## - CÓDIGO DE CATEGORIA DE ASSUNTO
Código de Categoria de Assunto F30; F00
090 ## - NÚMERO DE CHAMADA LOCAL
Número de chamada 1410 BR8100090
100 1# - ENTRADA PRINCIPAL--NOME PESSOAL
Nome pessoal Fernandes, J.B.
100 1# - ENTRADA PRINCIPAL--NOME PESSOAL
Nome pessoal Oliveira, J.F. de
100 1# - ENTRADA PRINCIPAL--NOME PESSOAL
Nome pessoal Holanda, J.S. de
110 1# - ENTRADA PRINCIPAL--NOME CORPORATIVO
Nome corporativo ou nome da jurisdição Unidade de Execucao de Pesquisa de Ambito Estadual de Caico, RN (Brasil)
9 (RLIN) 10356
245 1# - TÍTULO
Título Competicao de cultivares de feijao vigna consorciada com batata doce em leitos de rio [Phaseolus vulgaris; Ipomea batatas: Rio Grande do Norte; Brasil]
246 1# - FORMA VARIANTE DO TÍTULO
Título/título abreviado [Competition of vigna bean cultivars associated with sweet potato in river beeds [Phaseolus vulgaris; Ipomea batatas; Rio Grande do Norte; Brazil]
260 3# - PUBLICAÇÃO, DISTRIBUIÇÃO, ETC.
Local de publicação, distribuição, etc. Caico, RN (Brasil):
Data da publicação, distribuição, etc. Jan 1980.
300 ## - DESCRIÇÃO FÍSICA
Extensão 4 p.
490 ## - TÍTULO DA SÉRIE
Título da série Comunicado Tecnico - Unidade de Execucao de Pesquisa de Ambito Estadual de Caico (Brazil)
Número do volume ou designação sequencial da série no. 2
ISSN - International Standard Serial Number ISSN 0100-476X
650 ## - ASSUNTO--TERMO TÓPICO
Cabeçalho tópico ou nome geográfico Melhoramento genetico vegetal
650 ## - ASSUNTO--TERMO TÓPICO
Cabeçalho tópico ou nome geográfico Producao vegetal
650 ## - ASSUNTO--TERMO TÓPICO
Cabeçalho tópico ou nome geográfico Feijao
650 ## - ASSUNTO--TERMO TÓPICO
Cabeçalho tópico ou nome geográfico Batata doce
650 ## - ASSUNTO--TERMO TÓPICO
Cabeçalho tópico ou nome geográfico Competicao de variedade
650 ## - ASSUNTO--TERMO TÓPICO
Cabeçalho tópico ou nome geográfico Consorciacao de cultura
650 ## - ASSUNTO--TERMO TÓPICO
Cabeçalho tópico ou nome geográfico Rio
650 ## - ASSUNTO--TERMO TÓPICO
Cabeçalho tópico ou nome geográfico Rio Grande do Norte
909 ## -
-- 202312
-- Lúcia Elande
-- 55
-- Lúcia Elande
942 ## - ELEMENTOS DE ENTRADA ADICIONADOS (KOHA)
Fonte da classificação ou esquema de arquivamento na estante Classificação AGRIS
Ocultar no OPAC Não
Tipo de material Koha Monografia Seriada
Exemplares
Situação do descarte Fonte da classificação ou esquema de arquivamento na estante Situação física Não pode ser emprestado Coleção Biblioteca de origem Biblioteca atual Localização na estante Total de empréstimos Número de telefone completo Código de barras Data de último acesso Tipo de material Koha Fonte de aquisição
  Classificação AGRIS       Biblioteca Nacional de Agricultura - Binagri Biblioteca Nacional de Agricultura - Binagri Agrobase - Acervo Geral   1410 BR8100090 1410 BR8100090 18/12/2023 Monografia Seriada Portaria Interministerial nº 164/94

BINAGRI

Telefone: (61)3218-2567/2388/3357/2097 - binagri@agro.gov.br

Ministério da Agricultura e Pecuária , Esplanada dos Ministérios, Bloco D, Anexo B, Brasília/DF, CEP: 70.043-900